00000000nas##2200000za#4500
0019.509752
003CaOODSP
00520200325104545
007ta
008150406c1994||||xxc|| m #||||f|   |0eng|d
040 |aCaOODSP|beng
041 |aeng
041 |afre
043 |an-cn---
0861 |aYX4-1994
1101 |aCanada.|bStatutes.
24510|aStatutes of Canada 1994 : |b1st session, 35th parliament, 42-43 Elizabeth II, 1994
260 |bStatutes
546 |aBilingual
563 |aSoftcover
792 |tLois du Canada (1994) : |efre|w(CaOODSP)9.509753